000 00757nam a2200229Ia 4500
005 20241129104333.0
008 241129s9999||||xx |||||||||||||| ||und||
020 _a9789811695902
037 _aTextual
040 _aRTL
_beng
_cRTL
041 _aeng
_2eng
084 _aX991.2 Q6
_qRTL
100 _aVenkateswar Sita; Bandyopadhyay Sekhar
_9725852
245 0 _aGlobalisation and the challenges of development in contemporary India
_cVenkateswar Sita; Bandyopadhyay Sekhar
260 _aSingapore
_bSpringer
_c2022
300 _axiii,270p.
365 _aINR
_b1795
490 _aDynamics of Asian Development
650 _aGlobalization's Impact on Indian Development
_9725853
942 _cTB
_hX991.2 Q6
999 _c1225458
_d1225458